000 00520 a2200181 4500
003 OSt
005 20180116182748.0
008 160817b xxu||||| |||| 00| 0 eng d
020 _a8176490121
040 _c0
082 _a658.4092 CHR 1999
100 _aElizabeth M
245 _aLeadership Training a Sourcebook of Activities
_cElizabeth M
260 _aNew Delhi
_bViva Books Pvt.
_c1999
300 _a320 p.
_bPB
440 _aLeadership Training a Sourcebook of Activities
942 _aNBS
_cBK
_k658.4092 CHR
_2ddc
999 _c345545
_d345545